000 00592nam a2200229Ia 4500
003 OSt
005 20220923225700.0
006 a|||||r|||| 00| 0
007 ta
008 Pun
024 _a273,431
037 _cTextual
040 _aARTS
_cARTS
_bPun
041 _2Pun
_aPun
082 _aO153,6N26:g, K9
100 _aਸਿੰਘ, ਬਲਬੀਰ
245 0 _aਕਲਮ ਦੀ ਕਰਾਮਾਤ
260 _c1969
650 _aਪੰਜਾਬੀ ਸਾਹਿਤ
942 _hO153,6N26:g, K9
_cTEXL
_2CC
999 _c379828
_d379828